[Event "POL-ch Blitz U18 Girls"]
[Site "Bydgoszcz"]
[Date "2023.08.31"]
[Round "2"]
[White "Gorecka, Zuzanna"]
[Black "Bartkowiak, Aleksandra"]
[Result "1-0"]
[WhiteElo "1456"]
[BlackElo "1127"]
[PlyCount "63"]
[EventDate "2023.08.28"]
[EventType "swiss"]
[EventRounds "9"]
[EventCountry "POL"]
[SourceTitle "EXT 2024"]
[Source "ChessBase"]
[SourceDate "2023.10.10"]
[SourceVersion "1"]
[SourceVersionDate "2023.10.10"]
[SourceQuality "1"]

1. d4 d5 2. c4 e6 3. Nf3 Nf6 4. g3 Be7 5. Bg2 0-0 6. 0-0 b6 7. Nc3 Bb7 8. cxd5 exd5 9. Bf4 a6 10. Rc1 c5 11. Na4 Nbd7 12. Ne5 Rc8 13. Nc3 h6 14. Re1 Re8 15. e4 dxe4 16. Nxe4 Nxe4 17. Bxe4 Bxe4 18. Rxe4 Nf6 19. Re1 Qxd4 20. Qb3 Qd5 21. Qxb6 Rb8 22. Qxa6 Rxb2 23. Nc6 Bd6 24. Rxe8+ Nxe8 25. Bxd6 Qxd6 26. Re1 Qd7 27. Qa8 Qd2 28. Qxe8+ Kh7 29. Qe4+ g6 30. Qe3 Qd5 31. Ne7 Rxa2 32. Nxd5 1-0

[Event "POL-ch Blitz U18 Girls"]
[Site "Bydgoszcz"]
[Date "2023.08.31"]
[Round "7"]
[White "Matskevich, Varvara"]
[Black "Gorecka, Zuzanna"]
[Result "0-1"]
[WhiteElo "1665"]
[BlackElo "1456"]
[PlyCount "56"]
[EventDate "2023.08.28"]
[EventType "swiss"]
[EventRounds "9"]
[EventCountry "POL"]
[SourceTitle "EXT 2024"]
[Source "ChessBase"]
[SourceDate "2023.10.10"]
[SourceVersion "1"]
[SourceVersionDate "2023.10.10"]
[SourceQuality "1"]

1. f4 e5 2. fxe5 d6 3. exd6 Bxd6 4. Nf3 g5 5. g3 g4 6. Nh4 Ne7 7. d4 Ng6 8. Ng2 Bf5 9. Nd2 Nc6 10. c3 Qe7 11. Nc4 0-0-0 12. Nxd6+ Rxd6 13. Bf4 Nxf4 14. Nxf4 Be4 15. Rg1 h5 16. Bg2 h4 17. Qd2 Bxg2 18. Nxg2 hxg3 19. hxg3 Ne5 20. 0-0-0 Nc4 21. Qd3 Qe6 22. e4 Ne5 23. Qb5 Nf3 24. e5 Rb6 25. Qe2 Nxg1 26. Rxg1 Qxa2 27. Qxg4+ Kb8 28. Qe2 Qa1+ 0-1

[Event "POL-ch U20 Girls"]
[Site "Karpacz"]
[Date "2022.11.27"]
[Round "9"]
[White "Matskevich, Varvara"]
[Black "Gorecka, Zuzanna"]
[Result "1/2-1/2"]
[WhiteElo "1526"]
[BlackElo "1436"]
[PlyCount "76"]
[EventDate "2022.11.19"]
[EventType "swiss"]
[EventRounds "9"]
[EventCountry "POL"]
[SourceTitle "EXT 2024"]
[Source "ChessBase"]
[SourceDate "2023.10.10"]
[SourceVersion "1"]
[SourceVersionDate "2023.10.10"]
[SourceQuality "1"]

1. e4 e6 2. d4 d5 3. e5 c5 4. c3 Nc6 5. Nf3 Qb6 6. Bd3 Bd7 7. dxc5 Bxc5 8. Qe2 Qc7 9. 0-0 Nge7 10. h4 d4 11. a3 dxc3 12. Nxc3 Nd4 13. Nxd4 Bxd4 14. Bf4 Bxc3 15. bxc3 Nd5 16. Bd2 Rc8 17. Rfc1 Nb6 18. c4 Na4 19. Qe3 Nc5 20. Bf1 Ba4 21. Rab1 0-0 22. Bb4 b6 23. h5 h6 24. g4 Qe7 25. Qg3 Bc6 26. Rd1 Rfd8 27. Be2 Rxd1+ 28. Rxd1 Rd8 29. Rd6 Rxd6 30. exd6 Qd7 31. Bxc5 bxc5 32. Qe5 Qb7 33. Qxc5 Qb1+ 34. Bf1 Qe4 35. Kh2 Qh1+ 36. Kg3 Qf3+ 37. Kh4 Qf6+ 38. Kh3 Qf3+ 1/2-1/2

[Event "POL-ch U20 Girls"]
[Site "Karpacz"]
[Date "2022.11.25"]
[Round "8"]
[White "Gorecka, Zuzanna"]
[Black "Kudlak, Julia"]
[Result "0-1"]
[WhiteElo "1436"]
[BlackElo "1728"]
[PlyCount "82"]
[EventDate "2022.11.19"]
[EventType "swiss"]
[EventRounds "9"]
[EventCountry "POL"]
[SourceTitle "EXT 2024"]
[Source "ChessBase"]
[SourceDate "2023.10.10"]
[SourceVersion "1"]
[SourceVersionDate "2023.10.10"]
[SourceQuality "1"]

1. c4 e6 2. Nc3 Nf6 3. Nf3 d5 4. e3 c5 5. b3 Nc6 6. Bb2 b6 7. cxd5 exd5 8. Bb5 Bd7 9. 0-0 Bd6 10. d4 a6 11. Be2 Ne7 12. Ne5 0-0 13. Bf3 Be6 14. Ng4 Nxg4 15. Bxg4 f5 16. Bf3 Rf6 17. dxc5 bxc5 18. Kh1 Rh6 19. g3 f4 20. exf4 Bxf4 21. Bc1 Bxc1 22. Rxc1 Rc8 23. Na4 Qa5 24. Bg4 c4 25. Bxe6+ Rxe6 26. bxc4 dxc4 27. Qd7 Qd5+ 28. Qxd5 Nxd5 29. Nc3 Nb4 30. Rce1 Kf7 31. Rxe6 Kxe6 32. Rb1 Rb8 33. Re1+ Kd6 34. Re4 Rc8 35. Kg1 Nd3 36. Kf1 Kc5 37. a3 Nb2 38. Ke2 Rd8 39. f3 Rd3 40. Re3 Kd4 41. Ne4 Rxe3+ 0-1

[Event "POL-ch U20 Girls"]
[Site "Karpacz"]
[Date "2022.11.20"]
[Round "2"]
[White "Smietanska, Wiktoria"]
[Black "Gorecka, Zuzanna"]
[Result "1-0"]
[WhiteElo "1954"]
[BlackElo "1436"]
[PlyCount "81"]
[EventDate "2022.11.19"]
[EventType "swiss"]
[EventRounds "9"]
[EventCountry "POL"]
[SourceTitle "EXT 2024"]
[Source "ChessBase"]
[SourceDate "2023.10.10"]
[SourceVersion "1"]
[SourceVersionDate "2023.10.10"]
[SourceQuality "1"]

1. e4 c6 2. d4 d5 3. Nd2 dxe4 4. Nxe4 Bf5 5. Ng3 Bg6 6. c3 e6 7. Nh3 Bd6 8. Nf4 Nf6 9. Nd3 Nbd7 10. Be2 Qc7 11. 0-0 0-0 12. b3 c5 13. Bb2 Qb6 14. dxc5 Nxc5 15. Nxc5 Bxc5 16. b4 Bd6 17. Qb3 Bxg3 18. hxg3 Ne4 19. c4 Rfd8 20. c5 Qc6 21. Qe3 a5 22. a3 axb4 23. axb4 Qd5 24. Rfd1 Rxa1 25. Rxa1 Nd2 26. Rd1 h6 27. Bc3 Qe4 28. Qxe4 Bxe4 29. Rxd2 Rxd2 30. Bxd2 Kf8 31. Bf3 Bxf3 32. gxf3 Ke7 33. b5 Kd7 34. Kf1 Kc7 35. Ke2 Kd7 36. Kd3 Kc7 37. Kc4 Kd7 38. c6+ bxc6 39. b6 f6 40. Kc5 e5 41. Ba5 1-0

[Event "Polanica Zdroj op-D 58th"]
[Site "Polanica Zdroj"]
[Date "2022.08.14"]
[Round "2"]
[White "Bialik, Nikodem"]
[Black "Gorecka, Zuzanna"]
[Result "1/2-1/2"]
[WhiteElo "1638"]
[BlackElo "1287"]
[PlyCount "127"]
[EventDate "2022.08.13"]
[EventType "swiss"]
[EventRounds "9"]
[EventCountry "POL"]
[SourceTitle "CBM 210 Extra"]
[Source "ChessBase"]
[SourceDate "2022.11.30"]
[SourceVersion "1"]
[SourceVersionDate "2022.11.30"]
[SourceQuality "1"]

1. e4 e6 2. d4 d5 3. exd5 exd5 4. c4 Nf6 5. Bg5 Be7 6. Nc3 c6 7. Nf3 Bf5 8. Qb3 b6 9. Be2 dxc4 10. Bxc4 0-0 11. 0-0 b5 12. Bxf6 Bxf6 13. Be2 a5 14. a3 a4 15. Qd1 Be6 16. Ne5 Bb3 17. Qd3 Bxe5 18. dxe5 Nd7 19. f4 Qb6+ 20. Kh1 Rfd8 21. Qg3 Nc5 22. Qe3 Rab8 23. Rac1 Nd3 24. Qxb6 Rxb6 25. Bxd3 Rxd3 26. Rf2 Rb8 27. Ne4 Rbd8 28. Nd6 Bd5 29. h3 Rxh3+ 30. Kg1 Rd3 31. Rcc2 f6 32. Rce2 Rd7 33. Kh2 Bc4 34. Nxc4 bxc4 35. e6 Re7 36. Re4 c3 37. f5 g6 38. bxc3 Rxc3 39. fxg6 hxg6 40. Rxf6 Kg7 41. Rf3 Rxf3 42. gxf3 Kf6 43. Kg3 Rxe6 44. Rxa4 Re3 45. Rc4 Rxa3 46. Rxc6+ Kg5 47. Rc5+ Kf6 48. Kg4 Ra4+ 49. f4 Rb4 50. Rc6+ Kg7 51. Kg5 Rb5+ 52. Kh4 Rb4 53. Kg4 Ra4 54. Kf3 Rb4 55. Kg3 Rb3+ 56. Kh4 Rb4 57. Kg4 Ra4 58. Re6 Rb4 59. Re7+ Kf6 60. Re8 Kf7 61. Ra8 Kg7 62. Ra6 Rc4 63. Rd6 Ra4 64. Re6 1/2-1/2